Statistics for Every Culture Club song that hit the Billboard hot 100

Click here to take the quiz!

General Stats

  • This quiz has been taken 29 times
  • The average score is 7 of 10

Answer Stats

Peak Chart PositionYearSong% Correct
11984Karma Chameleon
100%
21983Do You Really Want To Hurt Me
88%
101983Church Of The Poison Mind
76%
131984It's A Miracle
72%
171984The War Song
68%
51984Miss Me Blind
64%
21983Time (Clock Of The Heart)
52%
91983I'll Tumble 4 Ya
52%
121986Move Away
48%
331985Mistake No. 3
40%

Score Distribution

Percentile by Number Answered

Percent of People with Each Score

Your Score History

You have not taken this quiz